000 00407cam a22001571 4500
001 6988032
005 20250611080313.0
008 721214t19551954nyu 000 0 eng
050 0 0 _aBS511.2
_b.N4 1955
082 _a220.6
100 1 _aNeil, William,
_d1909-1979.
245 1 4 _aThe rediscovery of the Bible.
260 _aNew York,
_bHarper
_c[1955, c1954]
300 _a255 p.
_c22 cm.
942 _2lcc
_cBK
_n0
999 _c6399
_d6399